000 00818nam a2200217 a 4500
001 57096
003 BD-RjUL
005 20211209080452.0
008 161206s1983 ii ||||| |||| 001 0 ben d
035 _a(BD-RjUL)57220
040 _aBD-RjUL
_bben
_cBD-RjUL
_dBD-RjUL
041 _aben
082 _223
_a294.5
_bBHP 1983
100 1 _aভট্টাচার্য্য, সুখময়
_9127222
245 1 0 _aপূর্বমীমাংসা-দর্শন /
_cসুখময় ভট্টাচার্য্য
260 _aপশ্চিমবঙ্গ :
_bরাজ্য পুস্তক পর্ষদ,
_c১৯৮৩.
300 _a[১৪], ২০৫পৃ. ;
_c২৪ সেমি.
650 _aহিন্দুধর্ম
_9127223
650 _aHindusim
_9127224
942 _2ddc
_cBK
999 _c57096
_d57096